Online Catalogue and eLibrary

Sri Lanka in crisis : (Record no. 2390)

MARC details
000 -LEADER
fixed length control field 00224nam a2200097Ia 4500
008 - FIXED-LENGTH DATA ELEMENTS--GENERAL INFORMATION
fixed length control field 240331s9999 xx 000 0 und d
082 ## - DDC Classification
Item Number - Author Mark IVA
100 ## - MAIN ENTRY--PERSONAL NAME
Personal name Ivan, V
245 #0 - TITLE STATEMENT
Title Sri Lanka in crisis :
Remainder of title road to conflict
942 ## - Koha item type (Biblio)
Koha item type Books in Stacks (Lending)

No items available.

© WERC Library